000 002260000a22000970004500
100 1 _aThomas, Juliet
245 1 0 _aBlessings of prayer
300 _aNúm 68 (1994), Páginas 12-13
773 0 _tWorld Evangelization
942 _cANA
999 _c57580
_d57580